|
|
|
|
| LEADER |
00800nam a22002177a 4500 |
| 001 |
9557 |
| 003 |
BD-DhAAL |
| 008 |
130903s2002 ii a b 001 0 eng |
| 020 |
|
|
|a 8172246889
|
| 040 |
|
|
|a BD-DhAAL
|c BD-DhAAL
|
| 082 |
|
|
|2 22
|a 658.8/12
|
| 100 |
1 |
|
|a Phillipson, Ian
|9 2907
|
| 245 |
|
|
|a How to-- do your own P.R. :
|b getting the right publicity for your organisation /
|c Ian Phillipson.
|
| 260 |
|
|
|a Mumbai :
|b Jaico Pub. House,
|c 2002.
|
| 300 |
|
|
|a 128 p. :
|b ill. ;
|c 22 cm.
|
| 504 |
|
|
|6 Includes index and bibliographical references.
|
| 541 |
|
|
|e 9557
|
| 650 |
|
0 |
|a Public relations.
|9 2908
|
| 942 |
|
|
|2 ddc
|c BK
|
| 999 |
|
|
|c 13924
|d 13924
|
| 952 |
|
|
|0 0
|1 0
|2 ddc
|4 0
|6 658_812000000000000_PHI
|7 0
|9 23313
|a BRACUL
|b BRACUL
|c GEN
|d 2013-09-03
|l 1
|m 4
|o 658.812 PHI
|p 3010009557
|r 2025-08-12
|s 2025-07-03
|t 1
|w 2013-09-03
|y BK
|